00381nam a2200145Ia 4500020001800000082002000018100002200038245005100060260002800111300000900139650003300148650001200181650001700193700002500210 a9788189013653 aRR 923.254 REM- aMehta, Sharadaben 0aReminiscences: the memoirs of Sharadaben Mehta aNew DelhibZubaanc2008 a325p aMehta, SharadabenvBiography aMemoirs aReminisences aBhatt, Purnima Mehta